00825cam a2200253 a 45000010008000000030005000080050017000130080041000300100017000710200015000880400018001030500023001210820014001441000021001582450089001792500012002682600051002803000029003315000073003605040063004336500026004966500025005226500024005473526405PILC20150319124309.0961205s1997 cau b 001 0 eng  a 96040276  a0891060995 aDLCcDLCdDLC00aHF 5549b.K32 199700a658.3/1241 aKaye, Beverly L.10aUp is not the only way :ba guide to developing workforce talent /cBeverly L. Kaye. a2nd ed. aPalo Alto, Calif. :bDavies-Black Pub.,c1997. axxv, 293 pages :c23 cm. aOriginally published: Englewood Cliffs, N.J. : Prentice Hall, c1982. aIncludes bibliographical references (p.277-278) and index. 0aPersonnel management. 0aVocational guidance. 0aCareer development.